000
00311nam a2200133Ia 4500
008
190216s9999||||xx |||||||||||||| ||und||
100
_a
Bhave.M.L-Joshi.V.G-Mahajan.R.R
245
0
_a
Linear Algebra
250
_a
FIRST
260
_b
S Chand & Co
_c
1982
300
_a
188
650
_a
Mathematics
942
_c
BK
999
_c
30762
_d
30762